[Event "Hannover-ch U14"]
[Site "Stadthagen"]
[Date "2009.10.04"]
[Round "3"]
[White "Krause, Niklas"]
[Black "Kornhagen, Fynn"]
[Result "1-0"]
[WhiteElo "1086"]
[BlackElo "994"]
[PlyCount "89"]
[EventDate "2009.10.03"]
[EventType "swiss"]
[EventRounds "7"]
[EventCountry "GER"]
[SourceTitle "EXT 2021"]
[Source "ChessBase"]
[SourceDate "2020.10.23"]
[SourceVersion "1"]
[SourceVersionDate "2020.10.23"]
[SourceQuality "1"]

1. d4 b6 2. Nc3 d6 3. e4 Bb7 4. Nf3 Nf6 5. Bd3 g6 6. 0-0 Bg7 7. Qe2 0-0 8. Rd1 Re8 9. e5 dxe5 10. dxe5 Nh5 11. Be4 Qc8 12. Bxb7 Qxb7 13. e6 f6 14. Qd2 c5 15. Qd5 Nc6 16. Qd7 Qxd7 17. Rxd7 f5 18. Bg5 Bf6 19. Nd5 Rf8 20. Bxf6 Nxf6 21. Nxe7+ Nxe7 22. Rxe7 Nd5 23. Rd7 Nf6 24. Rb7 Rfe8 25. Ng5 Ne4 26. Nxe4 fxe4 27. e7 Kf7 28. Re1 Rxe7 29. Rxe7+ Kxe7 30. Rxe4+ Kf7 31. g4 Rd8 32. Kf1 Rd6 33. Ke2 Rf6 34. Ke3 g5 35. Re5 h6 36. Rf5 Ke6 37. Rxf6+ Kxf6 38. Ke4 Ke6 39. h3 a6 40. f3 a5 41. c4 a4 42. a3 Kd6 43. f4 Kc6 44. f5 b5 45. f6 1-0

[Event "Niedersachsen-chT U14"]
[Site "Verden an der Aller"]
[Date "2009.05.24"]
[Round "7.2"]
[White "Krause, Niklas"]
[Black "Michalik, Marina"]
[Result "0-1"]
[WhiteElo "1147"]
[BlackElo "1304"]
[PlyCount "68"]
[EventDate "2009.05.21"]
[EventType "team-tourn"]
[EventRounds "7"]
[EventCountry "GER"]
[SourceTitle "EXT 2010"]
[Source "ChessBase"]
[SourceDate "2010.11.25"]
[SourceVersion "1"]
[SourceVersionDate "2010.11.25"]
[SourceQuality "1"]
[WhiteTeam "Bueckeburg"]
[BlackTeam "Salzgitter"]
[WhiteTeamCountry "GER"]
[BlackTeamCountry "GER"]

1. d4 d5 2. c4 c6 3. Nc3 Nf6 4. e3 e6 5. Nf3 Nbd7 6. Qc2 Be7 7. b3 0-0 8. Be2 Re8 9. 0-0 Qc7 10. Nd2 b6 11. Bf3 Bb7 12. Ne2 Rac8 13. Bb2 Rf8 14. Rac1 Qb8 15. Qb1 Ne8 16. cxd5 exd5 17. Bg4 Nef6 18. Nf3 Nxg4 19. h3 Ngf6 20. Ng3 Rfe8 21. Nf5 Ne4 22. Nxe7+ Rxe7 23. Ba3 Re6 24. Qc2 Rce8 25. Ne1 Rh6 26. Rd1 Ree6 27. Bc1 f5 28. f3 Ng3 29. Rf2 Ba6 30. e4 f4 31. e5 Qf8 32. Qd2 g5 33. Bb2 Qf5 34. Rc1 Rxh3 0-1

[Event "Niedersachsen-chT U14"]
[Site "Verden an der Aller"]
[Date "2009.05.23"]
[Round "5.3"]
[White "Bounine, Daniel"]
[Black "Krause, Niklas"]
[Result "1-0"]
[WhiteElo "1680"]
[BlackElo "1147"]
[PlyCount "69"]
[EventDate "2009.05.21"]
[EventType "team-tourn"]
[EventRounds "7"]
[EventCountry "GER"]
[SourceTitle "EXT 2010"]
[Source "ChessBase"]
[SourceDate "2010.11.25"]
[SourceVersion "1"]
[SourceVersionDate "2010.11.25"]
[SourceQuality "1"]
[WhiteTeam "Hannover Polizei"]
[BlackTeam "Bueckeburg"]
[WhiteTeamCountry "GER"]
[BlackTeamCountry "GER"]

1. b3 e5 2. Bb2 Nc6 3. Nc3 Nf6 4. g3 d5 5. Bg2 Be6 6. e3 Bb4 7. Nge2 0-0 8. 0-0 Qd7 9. d4 e4 10. Nf4 Bg4 11. f3 Bxc3 12. Bxc3 Bf5 13. g4 Bg6 14. g5 exf3 15. gxf6 fxg2 16. Nxg2 gxf6 17. Rxf6 Be4 18. Qh5 Kh8 19. Be1 Bxg2 20. Kxg2 Rg8+ 21. Bg3 Raf8 22. Raf1 Nd8 23. Kh1 Qg4 24. Qxg4 Rxg4 25. Bxc7 Rg7 26. Bxd8 Rxd8 27. Rxf7 Rdg8 28. Rxg7 Rxg7 29. Rf8+ Rg8 30. Rxg8+ Kxg8 31. c4 dxc4 32. bxc4 Kf7 33. Kg2 Ke6 34. e4 Kd6 35. Kf3 1-0

[Event "Niedersachsen-chT U14"]
[Site "Verden an der Aller"]
[Date "2009.05.22"]
[Round "3.3"]
[White "Aldegeerds, Julian"]
[Black "Krause, Niklas"]
[Result "1-0"]
[WhiteElo "1130"]
[BlackElo "1147"]
[PlyCount "59"]
[EventDate "2009.05.21"]
[EventType "team-tourn"]
[EventRounds "7"]
[EventCountry "GER"]
[SourceTitle "EXT 2010"]
[Source "ChessBase"]
[SourceDate "2010.11.25"]
[SourceVersion "1"]
[SourceVersionDate "2010.11.25"]
[SourceQuality "1"]
[WhiteTeam "Nordhorn Blanke"]
[BlackTeam "Bueckeburg"]
[WhiteTeamCountry "GER"]
[BlackTeamCountry "GER"]

1. e4 e5 2. Nf3 Nc6 3. Bc4 Bc5 4. c3 Nf6 5. d4 exd4 6. cxd4 Bb4+ 7. Nc3 Nxe4 8. 0-0 Bxc3 9. d5 Ne7 10. bxc3 d6 11. Re1 Nxc3 12. Qc2 Nxa2 13. Rxa2 0-0 14. Bg5 f6 15. Be3 Re8 16. Qb3 a6 17. Bb5 Rf8 18. Nd4 Ra7 19. Bd3 Ra8 20. Rae2 Re8 21. Bd2 g6 22. Ne6 Bxe6 23. Rxe6 Kg7 24. Bc3 Qd7 25. Bxf6+ Kf7 26. Rxe7+ Kxf6 27. Qc3+ Kg5 28. Qd2+ Kf6 29. Qf4+ Qf5 30. R1e6# 1-0

[Event "Niedersachsen-chT U12"]
[Site "Verden an der Aller"]
[Date "2008.05.01"]
[Round "2.1"]
[White "Krause, Niklas"]
[Black "Kyas, Philipp"]
[Result "0-1"]
[WhiteElo "915"]
[BlackElo "1816"]
[PlyCount "30"]
[EventDate "2008.05.01"]
[EventType "team-tourn"]
[EventRounds "7"]
[EventCountry "GER"]
[SourceTitle "EXT 2009"]
[Source "ChessBase"]
[SourceDate "2008.11.26"]
[SourceVersion "1"]
[SourceVersionDate "2008.11.26"]
[SourceQuality "1"]

1. d4 Nf6 2. Nc3 d5 3. Bg5 Nbd7 4. f3 e6 5. e4 Be7 6. e5 Nh5 7. Be3 g6 8. g4 Bh4+ 9. Bf2 Bxf2+ 10. Kxf2 Qh4+ 11. Ke3 Ng3 12. Qe1 Qh6+ 13. g5 Qxg5+ 14. f4 Nf5+ 15. Kf3 Nxd4+ 0-1

[Event "Hannover-ch U12"]
[Site "Bueckeburg"]
[Date "2007.11.04"]
[Round "7"]
[White "Barnewitz, Max Otto"]
[Black "Krause, Niklas"]
[Result "0-1"]
[WhiteElo "726"]
[BlackElo "791"]
[PlyCount "100"]
[EventDate "2007.11.01"]
[EventType "swiss"]
[EventRounds "7"]
[EventCountry "GER"]
[SourceTitle "EXT 2021"]
[Source "ChessBase"]
[SourceDate "2020.10.23"]
[SourceVersion "1"]
[SourceVersionDate "2020.10.23"]
[SourceQuality "1"]

1. e4 e5 2. Nf3 Nc6 3. Bc4 Nf6 4. Nc3 Bc5 5. d3 0-0 6. Bg5 h6 7. Bxf6 Qxf6 8. Nd5 Qd8 9. 0-0 d6 10. c3 Bg4 11. h3 Bh5 12. b4 Bb6 13. a4 a5 14. b5 Ne7 15. Nxe7+ Qxe7 16. Bd5 Rab8 17. Bc4 c6 18. bxc6 bxc6 19. Bb3 Bc5 20. Rb1 Rfd8 21. d4 exd4 22. cxd4 Bxf3 23. Qxf3 Bxd4 24. Rfd1 Bf6 25. Bc2 Rxb1 26. Bxb1 Qe5 27. g3 d5 28. Qb3 dxe4 29. Rxd8+ Bxd8 30. Qe3 f5 31. f3 Qxg3+ 32. Kf1 Qxf3+ 33. Qxf3 exf3 34. Bxf5 Bb6 35. Be4 f2 36. Bxc6 g5 37. Bf3 Kg7 38. Bg4 Kf6 39. h4 gxh4 40. Bf5 Kxf5 41. Kg2 Kf4 42. Kf1 Kg3 43. Ke2 Kg2 44. Kd3 f1Q+ 45. Kc3 Qf4 46. Kb3 Qd4 47. Ka3 Qb4+ 48. Ka2 h5 49. Ka1 Bd4+ 50. Ka2 Qb2# 0-1

[Event "Hannover-ch U12"]
[Site "Lehrte"]
[Date "2006.10.16"]
[Round "6"]
[White "Kretschmer, Marcel"]
[Black "Krause, Niklas"]
[Result "1/2-1/2"]
[WhiteElo "799"]
[BlackElo "799"]
[PlyCount "53"]
[EventDate "2006.10.14"]
[EventType "swiss"]
[EventRounds "7"]
[EventCountry "GER"]
[SourceTitle "EXT 2021"]
[Source "ChessBase"]
[SourceDate "2020.10.23"]
[SourceVersion "1"]
[SourceVersionDate "2020.10.23"]
[SourceQuality "1"]

1. e4 e5 2. Nf3 Nc6 3. Bb5 Bc5 4. Bxc6 bxc6 5. d4 exd4 6. Nxd4 Bxd4 7. Qxd4 Nf6 8. Qb4 d6 9. Bg5 Ba6 10. Qa3 Bb5 11. Nc3 0-0 12. 0-0-0 h6 13. Bf4 Re8 14. f3 d5 15. Rhe1 Qe7 16. Qxe7 Rxe7 17. h3 Rae8 18. Rd4 a6 19. h4 c5 20. Rdd1 dxe4 21. Bg3 exf3 22. gxf3 Rxe1 23. Rxe1 Rxe1+ 24. Bxe1 c6 25. Nxb5 axb5 26. b3 Nd5 27. c4 1/2-1/2

[Event "Hannover-ch U12"]
[Site "Lehrte"]
[Date "2006.10.15"]
[Round "3"]
[White "Warnecke, Jan Niklas"]
[Black "Krause, Niklas"]
[Result "0-1"]
[WhiteElo "953"]
[BlackElo "799"]
[PlyCount "26"]
[EventDate "2006.10.14"]
[EventType "swiss"]
[EventRounds "7"]
[EventCountry "GER"]
[SourceTitle "EXT 2021"]
[Source "ChessBase"]
[SourceDate "2020.10.23"]
[SourceVersion "1"]
[SourceVersionDate "2020.10.23"]
[SourceQuality "1"]

1. e4 e5 2. Nf3 Nc6 3. Bc4 Bc5 4. Nc3 d6 5. 0-0 Nf6 6. d3 Bg4 7. Nd5 Nxd5 8. exd5 Nd4 9. Be3 Nxf3+ 10. gxf3 Bh3 11. Re1 Bxe3 12. fxe3 Qg5+ 13. Kf2 Qg2# 0-1